000 006810000a22001930004500
003 LK-CoMWRAF
005 20231102150510.0
008 230817t2001 ||||| |||| 00| 0 eng d
040 _aLK-CoMWRAF
_dLK-CoMWRAF
_eLK-CoMWRAF
041 _aeng
082 _a305.42
_bBEI
245 _aBeijing declaration and Platform for action with the Beijing+5 political declaration and Outcome document
260 _aNew York:
_bUnited Nations, Department of Public Information
_c2001
300 _a242 p. : ill. ; 22 cm.
650 _aWOMEN'S RIGHTS-Congresses
650 _aWomen's rights--International cooperation
650 _aWomen in development--International cooperation
942 _cBK
999 _c388
_d388